[Event "2001/2002 Women World Che"]
[Site "Moscow"]
[Date "2001.11.28"]
[Round "1"]
[White "Zielinska, Marta"]
[Black "Gaprindashvili, Nona {GM}"]
[Result "1/2-1/2"]
[WhiteElo "2399"]
[BlackElo "2349"]
[WhiteCountry "POL"]
[BlackCountry "GEO"]
[Remark "0"]
[Host "XB4/2"]
[BoardID "1974"]
[PresId "0002010525"]

1.d4 {00:05:19} d5 {00:05:19} 2.c4 e6 3.Nc3 {00:05:37} Nf6 {00:05:37}
4.Nf3 {00:05:44} Be7 {00:05:45} 5.cxd5 {00:05:53} exd5 {00:05:54}
6.Bf4 {00:06:02} c6 {00:06:03} 7.Qc2 {00:06:03} Na6 8.a3 Nc7
{00:06:18} 9.e3 {00:06:22} Ne6 {00:06:07} 10.Bg3 {00:06:28} g6
{00:05:52} 11.Bd3 {00:05:57} Ng7 {00:06:00} 12.Be5 {00:05:12}
Bf5 {00:05:58} 13.O-O {00:05:15} Bxd3 {00:05:56} 14.Qxd3 {00:05:24}
O-O {00:06:04} 15.b4 {00:05:20} a6 {00:06:13} 16.Rfc1 {00:05:10}
Ng4 {00:05:34} 17.Na4 {00:04:04} Nxe5 {00:05:41} 18.Nxe5 {00:04:13}
Nf5 {00:05:47} 19.Nc5 {00:04:04} Nd6 {00:05:54} 20.a4 {00:04:05}
Re8 {00:05:48} 21.Rab1 {00:03:00} Bf6 {00:05:52} 22.Qc3 {00:02:18}
Bg7 {00:05:59} 23.Ncd3 {00:01:33} f6 {00:06:03} 24.Nf3 {00:01:41}
Qe7 {00:05:41} 25.Nd2 {00:01:48} Qf7 {00:05:27} 26.Qb3 {00:01:46}
Re7 {00:05:25} 27.Rc2 {00:01:16} Bh6 {00:05:28} 28.Re1 {00:00:43}
Rae8 {00:05:36} 29.Nb2 {00:00:25} Qe6 {00:05:24} 30.Rcc1 {00:00:28}
Nf5 {00:05:17} 31.Qd3 {00:00:26} Nd6 {00:05:20} 32.Qb3 {00:00:35}
Qf7 {00:05:27} 33.Nf3 {00:00:27} Re4 {00:05:01} 34.Qa3 {00:00:35}
Bf8 {00:05:05} 35.Qb3 {00:00:39} R4e7 {00:04:56} 36.Nd2 {00:00:46}
Bg7 {00:05:00} 37.Nd3 {00:00:51} Bh6 {00:04:02} 38.Nb2 {00:00:45}
Re6 {00:03:48} 39.Nf1 {00:00:38} Kh8 {00:03:40} 40.Nd2 {00:00:41}
Kg7 {00:03:28} 41.Nf1 {00:00:39} R6e7 {00:03:22} 42.Qa3 {00:00:36}
Qe6 {00:03:23} 43.Qd3 {00:00:45} Nf5 {00:03:05} 44.b5 {00:00:25}
axb5 {00:01:48} 45.axb5 {00:00:34} Qd6 {00:01:46} 46.bxc6 bxc6
47.Rc3 {00:00:34} Qb4 {00:02:01} 48.Rb1 {00:00:24} Rb8 {00:01:35}
49.Rxc6 {00:00:15} Reb7 {00:01:43} 50.Rcc1 {00:00:22} Qb5 {00:01:27}
51.Nd2 {00:00:18} Qxd3 {00:01:27} 52.Nxd3 {00:00:24} Nxd4 {00:01:40}
53.exd4 {00:00:32} Bxd2 54.Rd1 Bc3 {00:01:56} 55.Nc5 {00:00:44}
Rb4 {00:02:00} 56.Ne6+ {00:00:52} Kf7 {00:02:09} 57.Nf4 {00:01:01}
Bxd4 {00:01:58} 58.Nxd5 {00:01:10} Ra4 {00:02:07} 59.Kf1 {00:01:15}
Ke6 {00:02:14} 60.Nf4+ {00:01:23} Kf5 61.Ne2 Ba7 {00:02:25} 62.Nc3
{00:02:27} Rc4 63.Nb5 {00:01:04} Bc5 {00:02:22} 64.Nd6+ {00:01:06} 1/2-1/2

[Event "2001/2002 Women World Che"]
[Site "Moscow"]
[Date "2001.11.28"]
[Round "1"]
[White "Mohota, Nisha"]
[Black "Stepovaia-Dianchenko, Tat"]
[Result "0-1"]
[WhiteElo "2236"]
[BlackElo "2451"]
[WhiteCountry "IND"]
[BlackCountry "RUS"]
[Remark "0"]
[Host "XB4/1"]
[BoardID "1912"]
[PresId "0002010613"]

1.Nf3 f5 2.d4 g6 3.g3 Bg7 4.Bg2 d6 5.Nc3 d5 6.Bf4 c6 7.O-O Nf6
8.Ne5 Nbd7 9.f3 Nh5 10.Qd2 O-O 11.Nxd7 Bxd7 12.Be5 Bxe5 13.dxe5
f4 14.g4 Ng7 15.e4 fxe3 16.Qxe3 Ne6 17.Ne2 Qb6 18.Qxb6 axb6 19.f4
Nc5 20.h3 Ra7 21.a3 b5 22.Rad1 Bc8 23.b4 Nd7 24.Rd3 Nb6 25.Nd4
Nc4 26.Rff3 Bd7 27.e6 Be8 28.Rc3 Nd2 29.Rf2 Nc4 30.Rff3 b6 31.g5
c5 32.bxc5 bxc5 33.Nb3 Rxa3 34.Nxc5 Rxc3 35.Rxc3 Rxf4 36.Bxd5
Rf5 37.Rd3 Rxg5+ 38.Kh2 Nb6 39.Bb7 Rxc5 40.Rd8 Rxc2+ 41.Kg3 Kf8
42.Ba6 Rc5 43.Rb8 Nd5 44.Bc8 Nf6 45.Bd7 Rd5 46.Bc6 Rd6 47.Bxb5
Rxe6 48.Ba4 Re3+ 49.Kg2 Kf7 50.Bb3+ Kg7 51.Rb6 Bc6+ 52.Kh2 Bd5
53.Bd1 Rd3 0-1

[Event "2001/2002 Women World Che"]
[Site "Moscow"]
[Date "2001.11.28"]
[Round "1"]
[White "Xu, Yuanyuan"]
[Black "Pina, Sulennis"]
[Result "1-0"]
[WhiteElo "2431"]
[BlackElo "2289"]
[WhiteCountry "CHN"]
[BlackCountry "CUB"]
[Remark "0"]
[Host "XB3/2"]
[BoardID "147"]
[PresId "0002010618"]

1.d4 {00:05:19} c5 {00:05:15} 2.d5 {00:05:28} e5 {00:05:23} 3.e4
d6 4.Nc3 {00:05:46} Be7 5.Bb5+ Nd7 {00:05:48} 6.Be2 {00:05:43}
a6 {00:05:44} 7.Nf3 {00:05:03} b5 {00:05:50} 8.a4 {00:05:12}
b4 {00:05:58} 9.Nb1 {00:05:20} Ngf6 {00:06:06} 10.Nfd2 {00:04:51}
Nf8 {00:06:11} 11.f3 {00:04:22} Ng6 12.Nc4 a5 {00:06:21} 13.Be3
{00:04:31} O-O {00:06:27} 14.Nbd2 {00:04:36} Nh5 {00:06:04} 15.g3
{00:04:37} Bh3 {00:04:54} 16.Bf1 {00:03:59} Bxf1 17.Rxf1 Qb8
18.Qe2 Bd8 19.b3 Nf6 20.O-O-O Re8 21.Qg2 Bc7 22.f4 exf4 23.gxf4
Nf8 24.Bf2 Qc8 25.e5 dxe5 26.d6 exf4 27.dxc7 Qxc7 28.Bh4 N6d7
29.Ne4 Ng6 30.Ned6 Rf8 31.Nf5 Nde5 32.Ncd6 c4 33.Kb1 cxb3 34.cxb3
Qc3 35.Qb2 Qh3 36.Be7 Rfb8 37.Bg5 f3 38.Ne7+ Nxe7 39.Qxe5 Ng6
40.Qd5 Ra7 41.Rxf3 Qg4 42.Nxf7 Rxf7 43.Rxf7 Qxd1+ 44.Qxd1 Kxf7
45.Qd5+ Ke8 46.Qe6+ Kf8 47.Qd6+ 1-0

[Event "2001/2002 Women World Che"]
[Site "Moscow"]
[Date "2001.11.28"]
[Round "01"]
[White "Prudnikova, Svetlana"]
[Black "Baginskaite, Camilla"]
[Result "1-0"]
[WhiteElo "2411"]
[BlackElo "2324"]
[WhiteCountry "YUG"]
[BlackCountry "USA"]
[Remark "0"]
[Host "XB3/2"]
[BoardID "1881"]
[PresId "0002010621"]

1. c4 e5 2. Nc3 Nf6
3. g3 Bb4 4. Bg2 O-O
5. e4 d6 6. Nge2 Nc6
7. O-O a5 8. d3 h6
9. h3 Bc5 10. Kh2 Nd4
11. f4 exf4 12. Nxf4 Be6
13. Ncd5 Bxd5 14. cxd5 c6
15. dxc6 bxc6 16. Nh5 Nxh5
17. Qxh5 Qe7 18. Bd2 Qe5
19. Qg4 Qe6 20. Qh5 a4
21. Bc3 Rab8 22. Rad1 Qg6
23. Qxg6 fxg6 24. Rxf8+ Kxf8
25. Rf1+ Ke7 26. h4 h5
27. Kh3 Ne6 28. g4 Bd4
29. gxh5 gxh5 30. Bf3 g6
31. Bd1 a3 32. Bxd4 Nxd4
33. b3 c5 34. Kg3 Rf8
35. Rg1 Ke6 36. Kh2 Rf6 0-1

[Event "2001/2002 Women World Che"]
[Site "Moscow"]
[Date "2001.11.28"]
[Round "1"]
[White "Radziewicz, Iweta"]
[Black "Paehtz, Elisabeth"]
[Result "1/2-1/2"]
[WhiteElo "2375"]
[BlackElo "2390"]
[WhiteCountry "POL"]
[BlackCountry "GER"]
[Remark "0"]
[Host "XB3/2"]
[BoardID "455"]
[PresId "0002010629"]

1.e4 g6 2.d4 Bg7 3.c4 {00:05:38} d6 {00:05:35} 4.Nc3 {00:05:47}
Nd7 {00:05:41} 5.Be2 {00:05:54} e5 {00:05:47} 6.d5 {00:05:58}
Ngf6 {00:05:48} 7.Be3 a5 8.f3 Nc5 9.Qd2 O-O 10.g4 c6 11.Nh3 a4
12.Nf2 Qa5 13.h4 cxd5 14.cxd5 Bd7 15.Nd3 Nxd3+ 16.Bxd3 b5 17.a3
b4 18.Na2 bxa3 19.bxa3 Qxd2+ 20.Kxd2 Ne8 21.Rab1 f5 22.gxf5 gxf5
23.Rhg1 Kh8 24.Rb7 Bc8 25.Rb6 Bf6 26.h5 Bd8 27.Rbb1 Nf6 28.h6
fxe4 29.Bxe4 Ba5+ 30.Nb4 Bb7 31.Ke2 Bxb4 32.Rxb4 Bxd5 33.Bc2
Bc6 34.Rg7 Rac8 35.Bf5 Rce8 36.Bg5 Nh5 37.Rxh7+ Kg8 38.Bb1 Bxf3+
39.Ke1 Bg2 40.Rg4 Rf1+ 41.Kd2 Rxb1 42.Ra7 Bf3 {%08DA} 43.h7+
Kh8 44.Rh4 Rb7 45.Rxh5 Rf8 46.Bh6 Rff7 1/2-1/2